[Event "POL-chT 1st League 2020"]
[Site "Ustron"]
[Date "2020.09.12"]
[Round "8.17"]
[White "Praczukowski, Stanislaw"]
[Black "Kaliszuk, Kamil"]
[Result "1-0"]
[WhiteElo "2173"]
[BlackElo "1962"]
[Annotator "ChessBase"]
[PlyCount "79"]
[EventDate "2020.09.05"]
[EventType "team-tourn"]
[EventCountry "POL"]
[SourceTitle "playchess.com"]
[Source "ChessBase"]
[SourceQuality "1"]
[WhiteTeam "KS LAURA Chylice"]
[BlackTeam "SEMPAI UKS HETMAN Cz."]
[BlackTeamCountry "POL"]
[TimeControl "40/5400+30:1800+30"]

1. e4 {[%emt 0:00:00]} c6 {[%emt 0:00:00]} 2. d4 {[%emt 0:00:00]} d5 {[%emt 0:00:00]} 3. e5 {[%emt 0:00:10]} Bf5 {[%emt 0:00:00]} 4. Nd2 {[%emt 0:00:22]} e6 {[%emt 0:01:57]} 5. Nb3 {[%emt 0:00:08]} Nd7 {[%emt 0:01:48]} 6. Nf3 {[%emt 0:00:18]} Ne7 {[%emt 0:01:57]} 7. Be2 {[%emt 0:00:40]} Ng6 {[%emt 0:02:14]} 8. O-O {[%emt 0:01:11]} f6 {[%emt 0:06:00]} 9. Ne1 {[%emt 0:10:07]} h5 {[%emt 0:28:34]} 10. f4 {[%emt 0:08:48]} h4 {[%emt 0:03:57]} 11. Bg4 {[%emt 0:03:28]} Ne7 {[%emt 0:03:08]} 12. Bxf5 {[%emt 0:15:33]} Nxf5 {[%emt 0:00:44]} 13. Qe2 {[%emt 0:00:37]} Qe7 {[%emt 0:06:28]} 14. Bd2 {[%emt 0:02:50]} O-O-O {[%emt 0:16:19]} 15. Nd3 {[%emt 0:02:02]} Qf7 {[%emt 0:00:36]} 16. Bb4 {[%emt 0:06:05]} Bxb4 {[%emt 0:01:42]} 17. Nxb4 {[%emt 0:00:02]} Nb6 {[%emt 0:00:14]} 18. c3 {[%emt 0:02:09]} Nc4 {[%emt 0:04:57]} 19. Nc5 {[%emt 0:03:55]} Rh6 {[%emt 0:01:54]} 20. b3 {[%emt 0:02:28]} Nb6 {[%emt 0:02:30]} 21. a4 {[%emt 0:01:34]} Na8 {[%emt 0:07:48]} 22. a5 {[%emt 0:05:33]} Nc7 {[%emt 0:00:12]} 23. a6 {[%emt 0:02:09]} b6 {[%emt 0:00:16]} 24. Nb7 {[%emt 0:00:56]} Qe8 {[%emt 0:00:17]} 25. Nxd8 {[%emt 0:01:15]} Kxd8 {[%emt 0:00:03]} 26. Nc2 {[%emt 0:04:28]} Qh8 {[%emt 0:02:32]} 27. Qf3 {[%emt 0:01:50]} Nb5 {[%emt 0:00:19]} 28. Ne3 {[%emt 0:01:36]} Qh7 {[%emt 0:00:57]} 29. Nxf5 {[%emt 0:02:17]} Qxf5 {[%emt 0:00:02]} 30. Rac1 {[%emt 0:01:20]} Kd7 {[%emt 0:01:11]} 31. Qe3 {[%emt 0:01:23]} Nc7 {[%emt 0:00:12]} 32. c4 {[%emt 0:01:25]} Rh8 {[%emt 0:01:47]} 33. Qc3 {[%emt 0:03:05]} Rc8 {[%emt 0:01:03]} 34. Qb4 {[%emt 0:01:24]} Ne8 {[%emt 0:00:51]} 35. cxd5 {[%emt 0:00:38]} exd5 {[%emt 0:00:02]} 36. Qf8 {[%emt 0:02:01]} h3 {[%emt 0:00:27]} 37. Qf7+ {[%emt 0:01:23]} Kd8 {[%emt 0:00:01]} 38. Qxa7 {[%emt 0:02:17]} Qe4 {[%emt 0:00:09]} 39. Qxb6+ {[%emt 0:00:11]} Nc7 {[%emt 0:00:08]} 40. Rf2 {[%emt 0:00:00]} 1-0

[Event "POL-chT 1st League 2020"]
[Site "Ustron"]
[Date "2020.09.12"]
[Round "8.18"]
[White "Lach, Aleksandra"]
[Black "Moscicka, Pola"]
[Result "1-0"]
[WhiteElo "2188"]
[BlackElo "1880"]
[Annotator "ChessBase"]
[PlyCount "99"]
[EventDate "2020.09.05"]
[EventType "team-tourn"]
[EventCountry "POL"]
[SourceTitle "playchess.com"]
[Source "ChessBase"]
[SourceQuality "1"]
[WhiteTeam "SEMPAI UKS HETMAN Cz."]
[BlackTeam "KS LAURA Chylice"]
[TimeControl "40/5400+30:1800+30"]

1. Nf3 {[%emt 0:00:00]} Nf6 {[%emt 0:00:00]} 2. c4 {[%emt 0:00:19]} c5 {[%emt 0:00:07]} 3. g3 {[%emt 0:01:27]} Nc6 {[%emt 0:00:21]} 4. Bg2 {[%emt 0:01:43]} g6 {[%emt 0:00:59]} 5. b3 {[%emt 0:11:06]} Bg7 {[%emt 0:02:28]} 6. Bb2 {[%emt 0:00:15]} O-O {[%emt 0:01:29]} 7. O-O {[%emt 0:02:02]} d6 {[%emt 0:08:44]} 8. Na3 {[%emt 0:14:11]} e5 {[%emt 0:03:33]} 9. d3 {[%emt 0:01:32]} h6 {[%emt 0:03:16]} 10. Nd2 {[%emt 0:06:56]} Be6 {[%emt 0:02:50]} 11. Qc1 {[%emt 0:09:59]} Qd7 {[%emt 0:06:08]} 12. Ne4 {[%emt 0:21:24]} Ne8 {[%emt 0:08:59]} 13. f4 {[%emt 0:02:22]} f5 {[%emt 0:03:28]} 14. Nf2 {[%emt 0:01:10]} Rc8 {[%emt 0:07:56]} 15. Nb5 {[%emt 0:10:14]} Nf6 {[%emt 0:07:48]} 16. Bxc6 {[%emt 0:04:12]} bxc6 {[%emt 0:00:47]} 17. Nxd6 {[%emt 0:00:06]} exf4 {[%emt 0:09:24]} 18. Nxc8 {[%emt 0:00:02]} fxg3 {[%emt 0:00:09]} 19. hxg3 {[%emt 0:00:05]} Qxc8 {[%emt 0:00:28]} 20. Kg2 {[%emt 0:05:06]} g5 {[%emt 0:01:48]} 21. Rh1 {[%emt 0:01:26]} Qd7 {[%emt 0:08:07]} 22. Bxf6 {[%emt 0:01:21]} Rxf6 {[%emt 0:00:25]} 23. Qd2 {[%emt 0:02:41]} Rg6 {[%emt 0:05:18]} 24. Raf1 {[%emt 0:00:21]} Be5 {[%emt 0:00:20]} 25. Qe3 {[%emt 0:01:40]} Qd6 {[%emt 0:00:37]} 26. b4 {[%emt 0:00:15]} cxb4 {[%emt 0:02:39]} 27. Qxa7 {[%emt 0:00:09]} Bxg3 {[%emt 0:01:26]} 28. Nd1 {[%emt 0:00:56]} Bh4 {[%emt 0:02:03]} 29. Qe3 {[%emt 0:00:24]} c5 {[%emt 0:00:51]} 30. Qf3 {[%emt 0:00:18]} Kg7 {[%emt 0:02:27]} 31. Ne3 {[%emt 0:00:48]} Bd7 {[%emt 0:02:50]} 32. Nd5 {[%emt 0:00:51]} f4 {[%emt 0:04:02]} 33. e3 {[%emt 0:00:14]} Bf5 {[%emt 0:01:40]} 34. e4 {[%emt 0:00:40]} Be6 {[%emt 0:00:31]} 35. Rxh4 gxh4+ 36. Kh2 Bxd5 {[%emt 0:03:18]} 37. cxd5 {[%emt 0:00:28]} Rf6 {[%emt 0:00:29]} 38. Re1 {[%emt 0:00:38]} Qe5 {[%emt 0:00:15]} 39. Rg1+ {[%emt 0:01:00]} Kf7 {[%emt 0:00:50]} 40. Qg4 {[%emt 0:00:00]} f3+ {[%emt 0:00:00]} 41. Kh3 {[%emt 0:03:58]} Ke7 {[%emt 0:02:33]} 42. Qc8 {[%emt 0:14:55]} Rf8 {[%emt 0:13:22]} 43. Qxc5+ {[%emt 0:04:29]} Ke8 {[%emt 0:03:15]} 44. Qc6+ {[%emt 0:02:37]} Kd8 {[%emt 0:00:44]} 45. Qa8+ {[%emt 0:01:58]} Ke7 {[%emt 0:00:06]} 46. Qb7+ {[%emt 0:00:29]} Ke8 {[%emt 0:00:26]} 47. Rg7 {[%emt 0:04:26]} Qxg7 {[%emt 0:01:05]} 48. Qxg7 {[%emt 0:00:05]} f2 {[%emt 0:00:23]} 49. Qxf8+ {[%emt 0:00:07]} Kxf8 {[%emt 0:00:04]} 50. Kg2 {[%emt 0:00:01]} 1-0

[Event "POL-chT 1st League 2020"]
[Site "Ustron"]
[Date "2020.09.12"]
[Round "8.25"]
[White "Plichta, Kamil"]
[Black "Butkiewicz, Lukasz"]
[Result "1-0"]
[WhiteElo "2383"]
[BlackElo "2393"]
[Annotator "TA"]
[PlyCount "77"]
[EventDate "2020.09.05"]
[EventType "team-tourn"]
[EventCountry "POL"]
[SourceTitle "playchess.com"]
[Source "ChessBase"]
[SourceQuality "1"]
[WhiteTeam "Gostmat Gostynin"]
[BlackTeam "Bialy Krol Wisznia Mala"]

{[%evp 14,77,35,30,30,18,21,22,18,20,16,26,29,0,16,-27,-18,-11,0,-9,-4,-12,91,91,86,89,128,80,120,91,88,29,24,-70,-72,-48,0,0,0,0,0,0,0,-13,0,0,10,15,84,89,81,81,73,18,23,38,198,200,1311,1285,1307,1206,1724,1712,29996,29997]} 1. e4 c5 2. Nf3 e6 3. d4 cxd4 4. Nxd4 a6 5. Nc3 Qc7 6. g3 Bb4 7. Bd2 Nc6 8. Nxc6 {was the old line (8.Nb3).} dxc6 {[#] B43: Sicilian: Kan Variation: 5 Nc3.} 9. Na4 $146 ({Predecessor:} 9. Qg4 Bf8 10. f4 Nf6 11. Qf3 e5 12. f5 h5 13. h3 b5 14. O-O-O Bb7 15. Bg5 Be7 16. Kb1 {½-½ (37) Dgebuadze,A (2558)-Wagner,D (2424) Triesen 2012}) 9... Bxd2+ 10. Qxd2 Nf6 {The position is equal.} 11. Bg2 O-O 12. O-O-O e5 13. h3 Nd7 14. f4 b5 15. Nc3 Qa5 16. f5 b4 17. Nb1 Qxa2 (17... c5 $11 {remains equal.}) 18. Qxb4 $16 Rb8 19. Qa3 Qc4 20. Nd2 Qd4 21. Rhf1 a5 22. g4 ({White should try} 22. Rf3 $16) 22... Ba6 $11 23. Nb1 (23. Rfe1 $11) 23... Qa7 $15 24. Rfe1 Nb6 {...Nc4 is the strong threat.} 25. Nd2 $36 {[%mdl 2048] Black is under pressure.} a4 26. g5 Rfd8 27. Bf1 Bxf1 28. Rxf1 Qa6 29. Rf3 Qb5 30. Rd3 Rdc8 (30... Rd4 $11) 31. h4 $16 c5 32. Rd6 Re8 33. g6 ({Better is} 33. Qc3 $16) 33... hxg6 34. fxg6 f6 $2 {[#] Now Black is done in.} (34... fxg6 $14 35. Qa2+ (35. Rxg6 Nc4 $11) 35... c4) 35. h5 $1 $18 {[%cal Rh5h6] Strongly threatening h6!} Kf8 $2 {[#]} (35... Qb4 36. Qa2+ c4) 36. h6 $1 {[%mdl 512]} Ke7 (36... gxh6 37. Qh3) 37. Nf3 Nc4 {[#]} 38. Rd7+ $1 {[%mdl 512]} Ke6 {[#]} (38... Qxd7 39. Rxd7+) 39. Ng5+ $1 {[%mdl 512] Accuracy: White = 73%, Black = 56%.} 1-0

[Event "POL-chT 1st League 2020"]
[Site "Ustron"]
[Date "2020.09.12"]
[Round "8.26"]
[White "Luch, Michal"]
[Black "Lewtak, Damian"]
[Result "1/2-1/2"]
[WhiteElo "2389"]
[BlackElo "2377"]
[Annotator "TA"]
[PlyCount "107"]
[EventDate "2020.09.05"]
[EventType "team-tourn"]
[EventCountry "POL"]
[SourceTitle "playchess.com"]
[Source "ChessBase"]
[SourceQuality "1"]
[WhiteTeam "Bialy Krol Wisznia Mala"]
[BlackTeam "Gostmat Gostynin"]

{[%evp 18,107,6,8,20,0,22,0,30,36,51,48,63,27,41,21,6,0,0,-8,0,-42,-39,-52,-43,-55,-17,-26,-8,-85,-76,-88,-93,-92,-71,-97,-93,-97,-92,-103,-77,-72,-70,-81,-74,-86,-93,-114,-120,-121,-97,-112,-25,-25,-48,-50,-50,-52,0,0,3,3,17,10,0,27,27,0,0,0,0,0,0,0,0,0,0,0,0,0,0,0,0,0,0,0,0,0,0,0,0,0]} 1. d4 d5 2. c4 c6 3. Nf3 Nf6 4. Qc2 dxc4 5. Qxc4 Bf5 6. g3 e6 7. Bg2 Be7 8. O-O O-O 9. Nc3 Nbd7 10. e3 Bg6 {D23: Queen's Gambit Accepted: 3 Nf3 Nf6 sidelines.} 11. Qe2 Ne4 12. Nd2 Nxd2 13. Bxd2 {[#]} c5 $146 ({Predecessor:} 13... e5 14. d5 Nb6 15. e4 cxd5 16. exd5 Bd6 17. f4 exf4 18. Bxf4 Re8 19. Qf2 Nc4 20. Bxd6 Nxd6 {½-½ (35) Fish,G (2475)-Bulski,K (2547) Germany 2012}) 14. d5 ({But not} 14. Bxb7 Rb8 $11) 14... Nb6 {[%cal Re6d5]} 15. e4 exd5 16. exd5 Re8 17. Be3 Bf6 18. Qb5 Bd4 19. Rad1 a6 20. Qb3 Bxe3 21. fxe3 Bd3 22. Rfe1 Qd6 23. Bf1 ({Of course not} 23. Rxd3 c4 $17) (23. a3 $11 {keeps the balance.}) 23... Bxf1 $17 24. Kxf1 c4 $36 {[%mdl 2048] Keeping White busy.} 25. Qc2 Nd7 26. Qf5 Re5 27. Qf4 {[#]} b5 $1 {[%cal Bb7b5,Bb5b4][%mdl 32]} 28. a4 b4 29. Ne4 Qg6 30. Nf2 Rf5 31. Qd4 Ne5 32. e4 Rh5 33. Re3 Qf6 34. h4 {[#]} Ng4 (34... g5 $1 $17 35. hxg5 Qxg5) 35. Qxf6 $11 Nxe3+ 36. Ke2 {Hoping for Qc6.} gxf6 37. Kxe3 $15 {[%mdl 4096] Endgame KRR-KRN} Re8 (37... f5 $15) 38. Kd4 $1 $11 Rc8 39. Ng4 $1 {[%cal Rg4f6]} Kg7 40. Ne3 c3 41. bxc3 bxc3 42. Nf5+ {[#]} Rxf5 $1 {[%mdl 512] The position is equal.} 43. exf5 {KR-KR} Kf8 (43... c2 $5 44. Rc1 $8 Kf8 $11) 44. Rc1 c2 45. Kd3 Ke7 46. Rxc2 Rxc2 47. Kxc2 {KP-KP} Kd6 48. Kc3 Kxd5 49. Kb4 {aiming for Ka5.} Kc6 $1 50. h5 h6 51. g4 Kb6 $1 52. a5+ Kc6 53. Kc4 Kd6 54. Kd4 {Accuracy: White = 83%, Black = 82%.} 1/2-1/2

[Event "POL-chT 1st League 2020"]
[Site "Ustron"]
[Date "2020.09.12"]
[Round "8.27"]
[White "Budrewicz, Krzysztof"]
[Black "Bronowicki, Mateusz"]
[Result "1-0"]
[WhiteElo "2227"]
[BlackElo "2243"]
[Annotator "ChessBase"]
[PlyCount "64"]
[EventDate "2020.09.05"]
[EventType "team-tourn"]
[EventCountry "POL"]
[SourceTitle "playchess.com"]
[Source "ChessBase"]
[SourceQuality "1"]
[WhiteTeam "Gostmat Gostynin"]
[BlackTeam "Bialy Krol Wisznia Mala"]
[TimeControl "40/5400+30:1800+30"]

1. d4 {[%emt 0:01:02]} c5 {[%emt 0:00:00]} 2. d5 {[%emt 0:00:17]} e5 {[%emt 0:00:18]} 3. e4 {[%emt 0:01:08]} d6 {[%emt 0:00:29]} 4. Nc3 {[%emt 0:00:26]} a6 {[%emt 0:01:36]} 5. a4 {[%emt 0:01:07]} Be7 {[%emt 0:00:21]} 6. Be2 {[%emt 0:04:28]} Bg5 {[%emt 0:02:42]} 7. Nf3 {[%emt 0:00:28]} Bxc1 {[%emt 0:00:42]} 8. Qxc1 {[%emt 0:00:25]} Bg4 {[%emt 0:26:29]} 9. Nd2 {[%emt 0:01:34]} Bxe2 {[%emt 0:01:15]} 10. Nxe2 {[%emt 0:00:09]} Nh6 {[%emt 0:18:14]} 11. O-O {[%emt 0:10:45]} O-O {[%emt 0:00:55]} 12. Nc4 {[%emt 0:02:40]} f5 {[%emt 0:05:10]} 13. f4 {[%emt 0:00:38]} fxe4 {[%emt 0:01:48]} 14. fxe5 {[%emt 0:00:21]} Rxf1+ {[%emt 0:00:08]} 15. Qxf1 {[%emt 0:00:56]} Nd7 {[%emt 0:02:49]} 16. Nc3 {[%emt 0:08:55]} Qf6 17. a5 Qh4 {[%emt 0:04:00]} 18. Qe1 {[%emt 0:04:12]} Qxe1+ {[%emt 0:07:04]} 19. Rxe1 {[%emt 0:00:12]} Nf6 {[%emt 0:00:17]} 20. Nb6 {[%emt 0:04:42]} Re8 {[%emt 0:01:48]} 21. Nca4 {[%emt 0:02:45]} Nf5 {[%emt 0:02:56]} 22. Nxc5 {[%emt 0:00:00]} h6 {[%emt 0:04:37]} 23. b3 {[%emt 0:00:38]} Re7 {[%emt 0:01:22]} 24. Nca4 {[%emt 0:05:50]} Nd4 {[%emt 0:01:33]} 25. b4 {[%emt 0:04:32]} e3 {[%emt 0:11:08]} 26. exd6 {[%emt 0:10:55]} Rf7 {[%emt 0:04:32]} 27. Nc3 {[%emt 0:15:19]} Nxc2 {[%emt 0:00:38]} 28. Re2 {[%emt 0:00:06]} Nxb4 {[%emt 0:00:00]} 29. d7 {[%emt 0:17:47]} h5 {[%emt 0:00:00]} 30. g4 {[%emt 0:00:00]} Kh7 {[%emt 0:01:36]} 31. g5 {[%emt 0:00:00]} Kh8 {[%emt 0:00:32]} 32. g6 {[%emt 0:00:00]} Rf8 {[%emt 0:00:00]} 1-0

[Event "POL-chT 1st League 2020"]
[Site "Ustron"]
[Date "2020.09.12"]
[Round "8.28"]
[White "Brodowski, Piotr"]
[Black "Reza, Wojciech"]
[Result "1-0"]
[WhiteElo "2446"]
[BlackElo "2273"]
[Annotator "TA"]
[PlyCount "52"]
[EventDate "2020.09.05"]
[EventType "team-tourn"]
[EventCountry "POL"]
[SourceTitle "playchess.com"]
[Source "ChessBase"]
[SourceQuality "1"]
[WhiteTeam "Bialy Krol Wisznia Mala"]
[BlackTeam "Gostmat Gostynin"]

{[%evp 10,52,35,29,32,27,35,31,42,38,62,29,77,25,37,-23,-10,-76,-85,-93,-30,-66,108,116,439,107,115,114,122,-11,-19,-12,-32,-43,225,234,204,224,452,396,461,449,949,917,1258]} 1. c4 Nf6 2. Nc3 d6 3. d4 e5 4. d5 Be7 5. e4 O-O 6. h3 Na6 {A53: Old Indian Defence without Nf3.} 7. Be3 Nc5 8. Qc2 c6 {White is slightly better.} 9. Nf3 {[#]} Qc7 $146 ({Predecessor:} 9... Na6 10. a3 Bd7 11. Be2 Qc7 12. Rc1 Rfc8 13. Qb1 Qa5 14. O-O cxd5 15. exd5 g6 {0-1 (32) Zittro,C (1806)-Deppe,A (2114) Altenkirchen 2012}) 10. Rc1 g6 11. g4 ({White should play} 11. Bh6 $16) 11... a5 $11 12. Bg2 (12. Be2 $14) 12... cxd5 $1 13. Nb5 (13. Nxd5 $11 {remains equal.} Nxd5 14. cxd5) 13... Qb6 14. exd5 h5 ({Better is} 14... Nxd5 $17 15. cxd5 Qxb5 16. Nxe5 f5) 15. Nh4 {aiming for Nxg6!} Kg7 $2 (15... e4 $1 $15 16. Nc3 Qb4 17. Bxc5 Qxc5) 16. g5 $16 Nfd7 $2 {[%mdl 8192]} (16... Nh7 $16) 17. O-O $2 (17. Be4 $1 $18 {and the rest is easy.}) 17... Qd8 18. f4 $36 {[%mdl 2048] White is on the roll.} exf4 {[#]} 19. Rxf4 (19. Bd4+ $1 $16 Ne5 20. Bxc5) 19... Ne5 $11 20. Bxc5 {Strongly threatening Qe4.} Bxg5 21. Qe4 dxc5 $2 {[%mdl 8192]} (21... f5 $15 {keeps the upper hand.} 22. Qe3 dxc5 23. Qxe5+ Qf6) 22. Qxe5+ $18 f6 {[#]} 23. Qe3 $1 Re8 $2 (23... Bd7 24. Rcf1 f5) 24. Qg3 f5 25. Nxg6 h4 (25... Kxg6 $142 26. h4 {[%mdl 64] Pin} Ra6) 26. Nxh4 Kh7 {Accuracy: White = 51%, Black = 42%.} 1-0

[Event "POL-chT 1st League 2020"]
[Site "Ustron"]
[Date "2020.09.12"]
[Round "8.29"]
[White "Renkowski, Piotr"]
[Black "Skawinski, Arkadiusz"]
[Result "0-1"]
[WhiteElo "2149"]
[BlackElo "2384"]
[Annotator "TA"]
[PlyCount "80"]
[EventDate "2020.09.05"]
[EventType "team-tourn"]
[EventCountry "POL"]
[SourceTitle "playchess.com"]
[Source "ChessBase"]
[SourceQuality "1"]
[WhiteTeam "Gostmat Gostynin"]
[BlackTeam "Bialy Krol Wisznia Mala"]

{[%evp 19,80,23,48,50,63,57,92,83,93,93,98,65,90,64,60,55,62,46,50,50,50,56,60,0,0,-20,0,0,0,-57,0,-23,0,-25,-31,-127,-129,-133,-62,-78,-70,-732,-737,-776,-780,-709,-727,-714,-697,-654,-626,-29982,-29983,-29982,-29984,-29983,-29984,-5585,-2939,-29997,-29997,-29997,-29998]} 1. e4 e6 2. d4 d5 3. e5 c5 4. c3 Nc6 5. Nf3 Qb6 6. a3 Nh6 7. b4 {[%cal Bb2b4,Bb4b5][%mdl 32]} cxd4 8. cxd4 Nf5 9. Bb2 Be7 10. Bd3 a5 (10... Ncxd4 $2 11. Nxd4 O-O 12. Bxf5 $18) 11. Qa4 {C02: French: Advance Variation.} O-O {[%cal Rf5d4]} 12. b5 $1 Nh4 13. Nxh4 {White is better.} Bxh4 14. O-O f5 15. Nd2 {[#] Strongly threatening Nf3.} Nd8 $146 ({Predecessor:} 15... Na7 16. Bc3 Bd7 17. Rab1 Qd8 18. Qxa5 Qc8 19. Qb4 Nxb5 20. Bxb5 Bxb5 21. Qxb5 Qxc3 {1-0 (46) Paehtz,E (2482)-Adrian,C (2260) Caleta 2013}) 16. Bc3 Nf7 17. Nb3 {[%cal Rc3a5]} Qd8 18. f4 Be7 19. Bb4 Bd7 20. Bxe7 ({But not} 20. Nxa5 Bxb4 21. axb4 Qb6 $17) 20... Qxe7 21. Rac1 (21. Nc5 $14) 21... b6 $11 22. Nd2 Rac8 23. Nf3 g5 24. g3 ({White should try} 24. Qb3 $11) 24... Kh8 (24... gxf4 $1 $15 25. gxf4 Nh8) 25. Qb3 gxf4 {Hoping for ...Rxc1.} 26. gxf4 Rg8+ 27. Kf2 (27. Kh1 $15) 27... Rxc1 $1 $17 28. Rxc1 Rg4 $1 {[%cal Rg4f4]} 29. Ke3 Qf8 $1 {[%cal Rf8h6] ...Qh6 is the strong threat.} 30. Rc7 $2 {[%mdl 8192] [#] This costs White the game.} (30. Be2 $15) 30... Qh6 $1 $19 31. Rxd7 Qxf4+ 32. Kf2 {[#]} Ng5 $1 33. Be2 Ne4+ 34. Ke1 Qc1+ 35. Bd1 {[#]} Rg1+ $1 {[%mdl 512]} 36. Ke2 {[#]} (36. Nxg1 Qd2+) 36... Rxd1 $1 {[%mdl 512]} 37. Rd8+ (37. Qxd1 Nc3+) 37... Kg7 38. Rd7+ Kf8 {( -> ...Re1+!)} 39. Rc7 {[#]} Rd2+ $1 {[%mdl 512]} 40. Ke3 (40. Nxd2 Qxd2+) 40... Rc2+ {[%mdl 64] Discovered Attack. Accuracy: White = 58%, Black = 82%.} 0-1

[Event "POL-chT 1st League 2020"]
[Site "Ustron"]
[Date "2020.09.12"]
[Round "8.30"]
[White "Przezdziecka, Ewa"]
[Black "Dwilewicz, Katarzyna"]
[Result "1/2-1/2"]
[WhiteElo "2166"]
[BlackElo "2134"]
[Annotator "ChessBase"]
[PlyCount "137"]
[EventDate "2020.09.05"]
[EventType "team-tourn"]
[EventCountry "POL"]
[SourceTitle "playchess.com"]
[Source "ChessBase"]
[SourceQuality "1"]
[WhiteTeam "Bialy Krol Wisznia Mala"]
[BlackTeam "Gostmat Gostynin"]
[TimeControl "40/5400+30:1800+30"]

1. d4 {[%emt 0:00:00]} Nf6 {[%emt 0:00:00]} 2. Nf3 {[%emt 0:00:11]} e6 {[%emt 0:00:34]} 3. c4 {[%emt 0:00:33]} d5 {[%emt 0:00:39]} 4. e3 {[%emt 0:00:22]} Be7 {[%emt 0:01:53]} 5. b3 {[%emt 0:00:49]} O-O {[%emt 0:00:58]} 6. Bb2 {[%emt 0:00:30]} c5 {[%emt 0:02:23]} 7. Nbd2 {[%emt 0:05:23]} cxd4 {[%emt 0:02:33]} 8. Nxd4 {[%emt 0:12:05]} dxc4 {[%emt 0:04:58]} 9. Bxc4 {[%emt 0:04:37]} a6 {[%emt 0:00:10]} 10. O-O {[%emt 0:03:06]} b5 {[%emt 0:01:55]} 11. Be2 {[%emt 0:05:16]} Bb7 {[%emt 0:03:36]} 12. Bf3 {[%emt 0:06:25]} Ra7 {[%emt 0:08:07]} 13. Bxb7 {[%emt 0:14:20]} Rxb7 {[%emt 0:00:05]} 14. N2f3 {[%emt 0:00:19]} Qb6 {[%emt 0:04:24]} 15. Qe2 {[%emt 0:02:03]} Rc7 {[%emt 0:04:46]} 16. Rac1 {[%emt 0:07:23]} Rfc8 {[%emt 0:03:52]} 17. h3 {[%emt 0:07:10]} h6 {[%emt 0:02:06]} 18. Rxc7 {[%emt 0:04:11]} Rxc7 {[%emt 0:00:44]} 19. Rc1 {[%emt 0:03:49]} Nbd7 {[%emt 0:02:58]} 20. Rxc7 {[%emt 0:05:06]} Qxc7 {[%emt 0:00:20]} 21. Qc2 {[%emt 0:01:17]} Qxc2 {[%emt 0:08:40]} 22. Nxc2 {[%emt 0:00:02]} Nd5 {[%emt 0:01:00]} 23. Kf1 {[%emt 0:11:44]} f6 {[%emt 0:17:02]} 24. Nfd4 {[%emt 0:03:24]} Kf7 {[%emt 0:00:12]} 25. Ke2 {[%emt 0:00:31]} Bd8 {[%emt 0:01:52]} 26. Nc6 {[%emt 0:00:42]} Bb6 {[%emt 0:01:04]} 27. N6b4 {[%emt 0:00:34]} Nxb4 {[%emt 0:03:59]} 28. Nxb4 {[%emt 0:00:02]} Nb8 {[%emt 0:02:30]} 29. a3 {[%emt 0:01:32]} Ke7 {[%emt 0:01:31]} 30. Nc2 {[%emt 0:00:31]} Nc6 {[%emt 0:01:40]} 31. b4 {[%emt 0:00:32]} Kd6 {[%emt 0:02:22]} 32. f4 {[%emt 0:00:27]} e5 {[%emt 0:03:43]} 33. Kd3 {[%emt 0:00:31]} exf4 {[%emt 0:02:12]} 34. exf4 {[%emt 0:00:03]} Kd5 {[%emt 0:00:23]} 35. g4 {[%emt 0:00:46]} Bf2 {[%emt 0:01:30]} 36. Bc1 {[%emt 0:00:56]} g6 {[%emt 0:07:59]} 37. Ne3+ {[%emt 0:00:31]} Bxe3 {[%emt 0:00:29]} 38. Bxe3 {[%emt 0:00:02]} f5 {[%emt 0:00:25]} 39. Bf2 {[%emt 0:01:05]} Nd8 {[%emt 0:01:38]} 40. gxf5 {[%emt 0:00:00]} gxf5 {[%emt 0:00:00]} 41. Ba7 {[%emt 0:12:47]} Ne6 {[%emt 0:05:34]} 42. Bb8 {[%emt 0:02:04]} Nd4 {[%emt 0:02:23]} 43. Ba7 {[%emt 0:01:54]} Nc6 {[%emt 0:01:44]} 44. Bb6 {[%emt 0:03:28]} Nb8 {[%emt 0:01:49]} 45. Ba7 {[%emt 0:01:26]} Nd7 {[%emt 0:00:50]} 46. Bd4 {[%emt 0:01:27]} h5 {[%emt 0:02:07]} 47. Ba7 {[%emt 0:09:23]} Nf6 {[%emt 0:01:32]} 48. Bd4 {[%emt 0:00:50]} Ne4 {[%emt 0:00:33]} 49. Ba7 {[%emt 0:01:13]} Nd6 {[%emt 0:00:48]} 50. Bb8 {[%emt 0:00:34]} Nc4 {[%emt 0:00:18]} 51. Ba7 {[%emt 0:00:49]} Nxa3 {[%emt 0:00:20]} 52. Bb6 {[%emt 0:00:27]} Nc4 {[%emt 0:00:33]} 53. Bc7 {[%emt 0:00:31]} Nd6 {[%emt 0:07:33]} 54. Bb8 {[%emt 0:00:20]} Nc8 {[%emt 0:01:45]} 55. Be5 {[%emt 0:00:37]} Ne7 {[%emt 0:00:30]} 56. Bc3 {[%emt 0:00:25]} Nc6 {[%emt 0:01:10]} 57. Be1 {[%emt 0:00:19]} Nd4 {[%emt 0:00:42]} 58. Bf2 {[%emt 0:00:21]} Ne6 {[%emt 0:00:33]} 59. Be3 {[%emt 0:00:11]} Kc6 {[%emt 0:04:34]} 60. Bd2 {[%emt 0:01:13]} Kd5 {[%emt 0:00:14]} 61. Be3 {[%emt 0:00:02]} Nd8 {[%emt 0:01:10]} 62. Bd2 {[%emt 0:00:25]} Nc6 {[%emt 0:00:34]} 63. Be1 {[%emt 0:00:03]} Kd6 {[%emt 0:00:37]} 64. Bd2 {[%emt 0:00:17]} Kc7 {[%emt 0:01:28]} 65. Be1 {[%emt 0:00:36]} Kb7 {[%emt 0:01:23]} 66. Bd2 {[%emt 0:00:36]} Kc7 {[%emt 0:02:05]} 67. Be1 {[%emt 0:00:08]} Kd6 {[%emt 0:00:02]} 68. Bd2 {[%emt 0:00:08]} Kd5 {[%emt 0:00:10]} 69. Be1 {[%emt 0:01:33]} 1/2-1/2

[Event "POL-chT 1st League 2020"]
[Site "Ustron"]
[Date "2020.09.13"]
[Round "9.1"]
[White "Butkiewicz, Lukasz"]
[Black "Kolago, Marcin"]
[Result "1/2-1/2"]
[WhiteElo "2393"]
[BlackElo "2342"]
[Annotator "TA"]
[PlyCount "46"]
[EventDate "2020.09.05"]
[EventType "team-tourn"]
[EventCountry "POL"]
[SourceTitle "playchess.com"]
[Source "ChessBase"]
[SourceQuality "1"]

{[%evp 23,24,0,0]} 1. c4 g6 2. Nc3 Bg7 3. g3 c5 4. Bg2 Nc6 5. e3 e6 6. Nge2 Nge7 7. O-O O-O 8. d4 cxd4 9. Nxd4 d5 10. cxd5 Nxd4 11. exd4 Nxd5 12. Nxd5 exd5 {[#]} {Predecessor:} 13. Qb3 $146 {A36: Symmetrical English vs ...g6: 4 Bg2 Bg7.} Be6 14. Be3 Qd7 15. Rac1 Rac8 16. h4 h5 17. Kh2 b6 18. a3 Rc4 19. Qd3 Rfc8 20. Qd2 Qa4 21. Rxc4 Rxc4 22. Re1 Rc2 23. Qd1 Qb3 {0-1 (44) Bruzon Batista,L (2644)-Supi,L (2572) chess24.com INT 2020} 1/2-1/2